000
00236nam a2200097Ia 4500
008
240331s9999 xx 000 0 und d
082
_a
303.6
_b
COS
100
_a
The National Peace Council. ed
245
0
_a
Cost of War Sri Lanka
942
_c
L
999
_c
1256
_d
1256